Science Quiz

Random Science or Elements Quiz

'C' Elements Quiz Stats

 Plays Quiz Updated Sep 26, 2019

Score 0/12 Timer 02:00
2 Plays Today
Element % Correct
carbon
94%
calcium
68.6%
copper
68.2%
chlorine
66.2%
cobalt
63.9%
cesium
60.1%
cadmium
57.7%
chromium
56.5%
californium
48.7%
curium
39.4%
cerium
32.7%
copernicium
25.2%

You're not logged in!

Compare scores with friends on all Sporcle quizzes.
OR
Log In

Sporcle TV

Today on Sporcle TV


Watch our educational content, quiz creation guides, and fun videos on Sporcle TV.

Show Comments

Extras

Top Quizzes Today


Score Distribution

Your Account Isn't Verified!

In order to create a playlist on Sporcle, you need to verify the email address you used during registration. Go to your Sporcle Settings to finish the process.

Report this User

Report this user for behavior that violates our Community Guidelines.

Details: